|
|
|
|
| LEADER |
01519nam a2200313 u 4500 |
| 001 |
10117088 |
| 003 |
upatras |
| 005 |
20210117205517.0 |
| 008 |
150728s2011 gr gre |
| 020 |
|
|
|a 9789603031840
|
| 040 |
|
|
|a GR-PaULI
|c GR-PaULI
|
| 041 |
0 |
|
|a gre
|
| 082 |
0 |
4 |
|a 190.090 33
|
| 100 |
1 |
|
|9 7315
|a Μανιάτης, Γιώργος Ι.,
|d 1949-
|4 aut
|
| 245 |
1 |
0 |
|a Το προσωπείο και το πρόσωπο
|b ο Ρουσώ και η αναζήτηση της αυθεντικής επικοινωνίας
|c Γιώργος Μανιάτης
|
| 260 |
|
|
|a Αθήνα
|b Στοχαστής
|c 2011
|
| 300 |
|
|
|a 226 σ.
|c 21 εκ.
|
| 490 |
0 |
|
|a Σύγχρονοι έλληνες συγγραφείς / Στοχαστής
|
| 500 |
|
|
|a Α' έκδοση "εκδ. Στάχυ",Αθήνα 2000
|
| 504 |
|
|
|a Περιέχει βιβλιογραφία
|
| 600 |
1 |
4 |
|a Rousseau- Jean-Jacques
|d 1712-1778
|9 2000
|
| 650 |
|
4 |
|a Φιλοσοφία, Γαλλική
|y 18ος αιώνας
|9 88823
|
| 650 |
|
4 |
|a Επικοινωνία
|x Φιλοσοφία
|9 20465
|
| 760 |
0 |
|
|a Σύγχρονοι έλληνες συγγραφείς
|
| 852 |
|
|
|a GR-PaULI
|b ΠΑΤΡΑ
|b ΦΙΛΟΣΟΦΙΑ
|k ΑΣΧΕ-4
|h ROUS 190.090 33 ΜΑΝ
|m 10467
|p 025000186586
|t 1
|
| 942 |
|
|
|2 ddc
|c BK15
|
| 952 |
|
|
|0 0
|1 0
|4 0
|6 ROUS_190_090000000000000_33_ΜΑΝ
|7 0
|9 182243
|a PHIL
|b PHIL
|d 2016-04-24
|i 10467
|l 0
|o ROUS 190.090 33 ΜΑΝ
|p 025000186586
|r 2016-04-24 00:00:00
|t 1
|w 2016-04-24
|y BK15
|
| 998 |
|
|
|c ΚΑΝΕΛΛΟΠΟΥΛΟΥ
|d 2010-12
|
| 999 |
|
|
|c 112525
|d 112525
|